| 000 | 00375nam a2200133Ia 4500 | ||
|---|---|---|---|
| 008 | 220217s9999||||xx |||||||||||||| ||und|| | ||
| 020 | _a981-240-644-1 | ||
| 082 | _a005.73 GIL | ||
| 100 |
_aGilberg, Richard, F _92883 |
||
| 245 | 0 | _aData structures: a pseudocode approach with C++ | |
| 260 |
_aThomson _bAustralia _c2001 |
||
| 300 |
_b _9.50 |
||
| 650 | _aDATA STRUCTURES | ||
| 999 |
_c170203 _d170203 |
||